|
|
|
|
| LEADER |
00000nab a2200000 a 4500 |
| 001 |
vtls010475406 |
| 003 |
SK-MaSNL |
| 005 |
20260303093852.0 |
| 008 |
121130c20121106xo wr| 0 0slo |
| 038 |
|
|
|a RVGKPD
|
| 040 |
|
|
|a RVGKPD
|b slo
|c RVGKPD
|e AACR2
|
| 041 |
|
|
|a slo
|
| 044 |
|
|
|a xo
|c SK
|
| 080 |
|
|
|a 324:352
|x (437.6)
|2 1997
|
| 100 |
1 |
|
|a Šoltísová, Eva
|4 aut
|9 896041
|
| 245 |
1 |
0 |
|a O primátorovi mesta rozhodla pätina voličov
|b Rožňavčanov kampaň kandidátov veľmi neoslovila
|c Eva Šoltísová
|
| 300 |
|
|
|b Fotogr.
|
| 650 |
0 |
7 |
|a komunálne voľby
|2 rvgkpd
|9 4164
|
| 650 |
0 |
7 |
|a doplňujúce voľby
|2 rvgkpd
|9 1095347
|
| 651 |
|
7 |
|a Rožňava (Slovensko)
|2 rvgkpd
|9 17394
|
| 773 |
0 |
|
|t Rožňavský korzár : týždenník
|g Roč. I, č. 8 (6.11.2012), s. 4
|x 1338-841X
|
| 852 |
|
|
|a RVGKPD
|b KIS3G
|
| 992 |
|
|
|a RBX
|
| 999 |
|
|
|c 1817613
|d 1819543
|